000 00807cam a22001934a 4500
005 20250605164003.0
008 250528s ||||||||||||||||||||||||d
035 _a15700
020 _a674543106
040 _aGR-AtMCL
_bgre
_dGR-AtMCL
_eAACR2
245 1 _aThe Making of the Civil Law
260 _bHarvard University Press,
_c1981
300 _a206
520 _aThe Meaning of Civil Law Systems, The Block Effect of Roman Law, The Formal Rationality of Civil Law, Case Law Before Codification, Infiltration of Legal Ideas, The Institutes, The Law of Reason, Successful Modern Codification, Institutes and Codes, Divisions of the Law, Sources of Modern Civil Law, Civil Law and Society and Legal Growth, Index.
700 1 _aWatson Alan
_91668
942 _cBK
999 _c1259
_d1259